| 000 | 00743nam a22002057a 4500 | ||
|---|---|---|---|
| 005 | 20080927135543.0 | ||
| 008 | 080927t xxu||||| |||| 00| 0 eng d | ||
| 020 |
_a9780141032733 _c6.99 |
||
| 040 | _adpl | ||
| 082 | _a921 | ||
| 100 | _aGandhi, M.K. | ||
| 245 |
_aAn autobiography or the story of my experiments with truth / _c by M.K. Gandhi ; translated from the original Gujarati by Mahadev Desai |
||
| 260 |
_aNew Delhi : _bPenguin, Books _c2007 |
||
| 300 |
_ax, 454 p. : _c22 cm. (Pbk) |
||
| 700 | _aDesai, Mahadev | ||
| 942 |
_2ddc _cEN _h921 _mGAN |
||
| 999 |
_c15836 _d15836 |
||